00600nam a22001931 4500001001300000003000400013005001700017008004100034010001700075043001200092050001800104100002900122245006500151260009900216300001800315504002500333650003100358999001700389sa 68006358 DLC20260227112516.0710915s1960 ii b 00010 eng  asa 68006358  aa-ii---0 aHF1171.I4bL810aLulla, Basant P.,d1919-10aTeaching of commerce in secondary schoolsc[by] B. P. Lulla.0 a[Baroda]bFaculty of Education and Psychology, Maharaja Sayajirao University of Barodac[1960] a80 p.c22 cm. aBibliography: p. 80. 0aBusiness educationzIndia. c81279d81279